[Event "St Petersburg-ch (Women)"]
[Site "St Petersburg"]
[Date "2019.03.12"]
[Round "2"]
[White "Moroz, Anastasiya"]
[Black "Karmanova, Olga Dm"]
[Result "0-1"]
[WhiteElo "1692"]
[BlackElo "1823"]
[PlyCount "96"]
[EventDate "2019.03.11"]
[EventType "swiss"]
[EventRounds "9"]
[EventCountry "RUS"]
[SourceTitle "CBM 189 Extra"]
[Source "ChessBase"]
[SourceDate "2019.06.03"]
[SourceVersion "1"]
[SourceVersionDate "2019.06.03"]
[SourceQuality "1"]

1. e4 c5 2. Nc3 Nc6 3. g3 g6 4. Bg2 Bg7 5. f4 e6 6. Nf3 d6 7. 0-0 Nge7 8. d3 0-0 9. g4 f5 10. h3 a6 11. a4 b6 12. Kh2 Bb7 13. g5 e5 14. Ne1 Nd4 15. Ne2 Nxe2 16. Qxe2 exf4 17. exf5 Bxg2 18. Nxg2 Nxf5 19. Bxf4 Bxb2 20. Rab1 Bg7 21. Ne3 Qe7 22. Qd2 Nxe3 23. Bxe3 Rxf1 24. Rxf1 Re8 25. Bf4 Qe2+ 26. Rf2 Qxd2 27. Bxd2 Bd4 28. Rg2 Rf8 29. Be1 Be5+ 30. Bg3 Bxg3+ 31. Kxg3 Rf1 32. Re2 Kf7 33. Re4 d5 34. Re5 Rf5 35. Rxf5+ gxf5 36. Kf4 Kg6 37. c4 d4 38. h4 Kh5 39. Kxf5 Kxh4 40. Kf4 a5 41. Kf5 Kg3 42. Ke5 Kf3 43. Kf6 Kf4 44. Ke6 Ke3 45. Kf7 Kxd3 46. Kg7 Kc3 47. Kxh7 d3 48. g6 d2 0-1